000 00656nam a2200253Ia 4500
003 OSt
005 20220924145910.0
006 a|||||r|||| 00| 0
007 ta
008 220923b |||||||| |||| 00| 0 per d
024 _a330760
037 _cTextual
040 _aARTS
_cARTS
_bper
041 _2per
_aper
082 _aV:71, 164N2
100 _aChild Au.
_9220812
245 0 _aDar aamidi bar basan shanasi
260 _c1939
650 _a HISTORY
650 _aARCHEOLOGY
_92346
700 _a Mayyeri Haidah Tr.
_9220813
942 _hV:71, 164N2
_cTEXL
_2CC
999 _c461527
_d461527